Návrh možností implementácie konceptu SZP v spoločnosti EKOM spol. s r.o. Piešťany

Uložené v:
Podrobná bibliografia
Hlavný autor: Janíčková, Janka (Autor)
Ďalší autori: Sakál, Peter, 1951- (Vedúci práce)
Médium: Rukopis Kniha
Jazyk:Slovak
Vydavateľské údaje: Trnava : STU v Bratislave MTF UPMK, 2012
Predmet:
On-line prístup:VAIS
Tagy: Pridať tag
Žiadne tagy, Buďte prvý, kto otaguje tento záznam!

MARC

LEADER 00000ntm a22000003a 4500
001 stu248854
005 20160719160705.1
008 120620s2012----xo------------------slo-d
040 |a STU  |b slo 
041 0 |a slo 
044 |a xo 
100 1 |a Janíčková, Janka  |4 aut 
242 0 0 |a Proposal options for implementation of the CSR concept in the company Ekom Ltd. Piešťany  |y eng 
245 1 |a Návrh možností implementácie konceptu SZP v spoločnosti EKOM spol. s r.o. Piešťany 
260 |a Trnava :  |b STU v Bratislave MTF UPMK,  |c 2012 
300 |a 108 s  |c príl 
650 7 |a priemyselné manažérstvo  |2 stusub 
650 7 |a Industrial Management  |2 estusub 
650 7 |a implementation  |2 estusub 
650 7 |a stakeholders  |2 estusub 
650 7 |a etický kódex  |2 stusub 
650 7 |a implementácia  |2 stusub 
700 1 |a Sakál, Peter,  |d 1951-  |4 ths  |u M4000  |U MTF Materiálovotechnologická fakulta  |T MTF Ústav priemyselného inžinierstva a manažmentu  |X 325  |U M4000  |Y 84  |7 A000000325 
856 4 |a info a plný text  |u http://is.stuba.sk/zp/portal_zp.pl?podrobnosti=80057  |3 VAIS 
996 |c M*DP-10837  |l MMSKP  |s P  |a 0  |w stu248854_0001